000 00361nam a2200145Ia 4500
008 230917s9999||||xx |||||||||||||| ||und||
040 _e126274
_aMAIN
041 _aEnglish
082 _a327.116 H88H
100 _aChen, Lincoln
245 0 _aHuman insecurity in a global world
260 _aNew Delhi
_bViva Books
_c2005
300 _a278p. p.
942 _cBK
999 _c137016
_d137016